00561nam a2200157Ia 4500008004000000082001300040100001600053245007500069260004000144300000800184650004100192690002400233906001100257999001700268952011800285210210b1987 xxu||||| |||| 00| 0 eng d a082 MAUS aMAURUS (J). aSource book of inspiration quotations, anecdotes, humour and proberbs. aBombaybBetter yourself booksc1987 a417 aQuotations Anecdotes Humour Proverbs aGeneral Collections a046166 c95496d95496 001040708GeneralaALbALcGenerald2021-02-17g60.00l0o082 MAUSp046166r2021-02-17 00:00:00w2021-02-17yBK